000 01072nam a22002897a 4500
999 _c61075
_d61075
005 20240530110442.0
008 150330s2012 ua a g 000 0 ara d
017 _a2012/2586
_bمصر . دار الكتب المصرية
020 _a9789770931080
040 _aEG-CaGPL
082 0 4 _221
_a219.3\
_bر ح
100 0 _aراشد الغنوشى
245 1 2 _aالحريات العامة فى الدولة الاسلامية /
_cراشد الغنوشى
250 _aط1.
260 _aالقاهرة :
_bدار الشروق ،
_c2012.
300 _a2 ج ؛
_c24 سم.
650 0 4 _aحقوق الانسان
650 0 4 _aحرية التعبير
650 0 4 _aحرية العقيدة
650 0 4 _aالحقوق المدنية
_zالعالم الاسلامى
650 0 4 _aالشورى
650 0 4 _aحقوق الانسان
_xالحقوق السياسية
650 0 4 _aحرية ممارسة الشعائر الدينية
650 0 4 _aحقوق الانسان
_zالعالم العربى
942 _2ddc
_cBK